书目信息 |
| 题名: |
鱼山剩稿
|
|
| 作者: | 熊开元 撰 | |
| 分册: | 上册 | |
| 出版信息: | 上海 上海古籍出版社 1985 |
|
| 页数: | 1册 | |
| 开本: | 19cm | |
| 丛书名: | ||
| 单 册: | ||
| 中图分类: | I264.9 , I214.92 | |
| 科图分类: | ||
| 主题词: | 杂文--中国--清代--选集 , 文学--作品集--中国 | |
| 电子资源: | ||
| ISBN: | ||
| 000 | 00724nam2 2200277 45 | |
| 001 | 0185014349 | |
| 005 | 20040419150103.3 | |
| 010 | @dCNY5.40 | |
| 091 | @a10186.698 | |
| 100 | @a19951031d1985 em y0chiy0121 ea | |
| 101 | 0 | @achi |
| 102 | @aCN@b310000 | |
| 105 | @ay z 000yy | |
| 106 | @ar | |
| 200 | 10 | @a鱼山剩稿@Ayu shan sheng gao@h上册@f(清)熊开元撰 |
| 205 | @a影印本 | |
| 210 | @a上海@c上海古籍出版社@d1985 | |
| 215 | @a1册@d19cm | |
| 606 | @a杂文@y中国@z清代@x选集 | |
| 606 | 0 | @a文学@x作品集@x中国 |
| 690 | @aI264.9@v3 | |
| 690 | @aI214.92 | |
| 701 | 0 | @a熊开元@f清@4撰@Axiong kai yuan |
| 801 | 0 | @aCN@b深圳图书馆@c20040419 |
| 801 | 2 | @aCN@bNLC@c20040419 |
| 905 | @f2@b259818-819@dI214.92@e220:1 | |
| 鱼山剩稿.上册/(清)熊开元撰.-影印本.-上海:上海古籍出版社,1985 |
| 1册;19cm |
| ISBN :CNY5.40 |
| ● |
| 相关链接 |
|
|
|
|
正题名:鱼山剩稿
索取号:I214.92/220:1
 
预约/预借
| 序号 | 登录号 | 条形码 | 馆藏地/架位号 | 状态 | 备注 |
| 1 | 0259817 | 000228667 | 第一样本阅览室/ [索取号:I214.92/220:1] | 在馆 | |
| 2 | 0259818 | 000228729 | 密集书库/ [索取号:I214.92/220:1] | 在馆 | |
| 3 | 0259819 | 000228658 | 第二借阅区/ [索取号:I214.92/220:1] | 在馆 |